000 00805nam a2200241Ia 4500
001 dia_2795
003 CHAP
005 20251027154053.0
008 220117s1978 xx 000 0 und d
010 _a173295
040 _cCHAP
082 _a664.115 I5 C.T
110 _aInstituto de Capacitación de la Industria Azucarera
_9150361
245 _aCristalización., Cursos Informativos para Areas de Producción /
_c por Instituto de Capacitación de la Industria Azucarera
260 _aMéxico, Instituto de Capacitación de la Industria Azucarera
_c1978
300 _a47P.
410 _aCUADERNOS DE TRABAJO
650 _aAzúcar
_xproceso
_9153518
901 _a664.115 I5 C.T
902 _aM
905 _a0000001978 MEXA 0000000000ESP00
942 _cLIBRO
_2ddc
999 _c173295
_d173295